Ukraine A-Z - Statistiken

Allgemein
  • Dieses Quiz wurde 103 mal gespielt
  • Das Durchschnittsergebnis liegt bei 13 aus 24
Antwortstatistiken
Hinweis Antwort % Korrekt
K Hauptstadt Kiew
96%
W Nördliches Nachbarland Weißrussland
91%
P Westliches Nachbarland Polen
90%
S Land zu dem die Ukraine 1919-1991 gehörte Sowjetunion
88%
T Ort eines großen Atomunfalls 1986 Tschernobyl
84%
R Größte Minderheit Russen
83%
D Großer Fluss in der Zentralukraine Dnjepr
80%
V Bekannter Profiboxer Vitali Klitschko
79%
C Zweitgrößte Stadt Charkiw
78%
Z Titel des Staatsoberhauptes bis 1917 Zar
77%
O Drittgrößte Stadt Odessa
76%
N Das Ziel des beitritts zu dieser internationalen Organisation wurde in der Verfassung festgeschrieben NATO
75%
A Nebenmeer des Schwarzen Meers zwischen der Krim, Mariupol und Rostow Asowsches Meer
51%
J Traditionell in Schtetl lebende Minderheit Juden
45%
E Krieg durch den die Ukraine als Ukrainische Volksrepublik kurzzeitig unabhängig wurde Erster Weltkrieg
41%
L Großfürstentum zu dem ein Großteil der Ukraine seit dem 14. Jahrhundert gehörte Litauen
38%
I Ziel vieler Auswanderer Israel
37%
F Revolution durch die die Ukraine als Ukrainische Volksrepublik kurzzeitig unabhängig wurde {Februar}revolution
34%
G Spätantike/Mittelalterliche germanische Volksgruppe in der Südukraine Krim{goten}
27%
H Währung Hrywnja
25%
M Bekannte US-amerikanische Schauspielerin die in Czernowitz in der Ukraine geboren wurde Sie wurde unter anderem durch "Die Wilden Siebziger" bekannt Mila Kunis
24%
B Antikes hellenistisches Königreich an der Straße von Kertsch {Bosporanisches} Königreich
8%
Y Ukrainische Fluggesellschaft Yanair
8%
U Durch dieses Ereignis wurden viele orthodoxe Westukrainer griechisch-katholisch Union von Brest
4%
Keine übereinstimmenden Quizze gefunden
Verteilung der Resultate
Anzahl Personen mit jedem Resultat
Perzentil nach korrekt beantworteten Fragen
Ihre Resultats-Entwicklung
Sie haben dieses Quiz noch nicht gespielt